000 00367 a2200157 4500
001 185767
020 _a85-10-00797-7
040 _cMagnum
100 _aCasasanta, Therezinha
240 1 0 _aGirafinha flor faz uma descoberta
_lpor
245 1 0 _aGirafinha flor faz uma descoberta
300 _a22
362 0 _a2004
697 _aLITERATURA INFANTIL
942 _cBK
999 _c185767
_d185767